000 00314nam a22001337a 4500
020 _a81-8360-034-4
041 _aENG
100 _aVyas.A.K
245 _aAn Introdction To Agriculture
260 _aNew Delhi
_bJain Brothers
_c1994
300 _a492
650 _aAgricultural
856 _uAgricultural ( 19 )
999 _c2199
_d2199